Statistics for Countries Closest to an Unknown Country A-Z #5

Click here to take the quiz!

General Stats

  • This quiz has been taken 4,387 times
    (4,364 since last reset)
  • The average score is 23 of 25

Answer Stats

Country % Correct
YYemen
96%
DDenmark
96%
RRussia
96%
QQatar
96%
UUnited Kingdom
96%
OOman
96%
ZZambia
95%
FFinland
95%
EEstonia
94%
GGermany
94%
BBelgium
93%
SSweden
92%
IIreland
92%
HHungary
92%
LLatvia
91%
PPoland
91%
VVatican City
89%
NNetherlands
88%
{NORWAY}
87%
AAustria
85%
JJordan
85%
CCzech Republic
84%
KKosovo
82%
TTurkey
81%
MMoldova
73%

Score Distribution

Percentile by Number Answered

Percent of People with Each Score

Your Score History

You have not taken this quiz since the last reset